| 000 | 01040 a2200289 4500 | ||
|---|---|---|---|
| 003 | OSt | ||
| 005 | 20180116192359.0 | ||
| 008 | 120622t xxu||||| |||| 00| 0 eng d | ||
| 010 | _a 00690873 | ||
| 020 | _a0714839582 | ||
| 020 | _a9780714839585 | ||
| 040 | _c0 | ||
| 082 | _a720.92 | ||
| 100 | 1 |
_aPearman, Hugh. _94841 |
|
| 245 | 1 | 0 |
_aEquilibrium : _bthe work of Nicholas Grimshaw & Partners / _cHugh Pearman. |
| 260 |
_aLondon : _bPhaidon Press, _c2000. |
||
| 300 |
_a256 p. : _bill. (chiefly col.), plans, ports. ; _c26 cm. |
||
| 500 | _aIncludes texts by Nicholas Grimshaw. | ||
| 600 | 1 | 0 |
_aGrimshaw, Nicholas, _d1939- _94842 |
| 610 | 2 | 0 |
_aNicholas Grimshaw and Partners. _94843 |
| 650 | 1 | 0 |
_aArchitecture _zEngland _xHistory _y20th century. _94844 |
| 650 | 1 | 0 |
_aArchitecture _zEurope _xHistory _y20th century. _94845 |
| 650 | 1 | 0 |
_aArchitectural firms _zEngland _zLondon. _94846 |
| 700 | 1 |
_aGrimshaw, Nicholas, _d1939- _94847 |
|
| 942 |
_aSADA _cREF _k720.92 PEA 2000 _2ddc |
||
| 999 |
_c353233 _d353233 |
||